000
00307nam a2200121Ia 4500
003
GCL
008
140319s9999 xx 000 0 eng d
040
_a
GCL /
_c
GCL
082
0
4
_a
720.688
_b
SV
245
1
0
_a
Value Pricing For The Design Firm
260
_a
[S.N] :
_b
Macmillan Publishing Company
300
_a
218 P
999
_c
18287
_d
18287